00654 2200181 4500001002100000005001500021035002000036245004600056100001600102250001700118300002800135260003100163082001200194084001800206020002200224650001700246520020900263INLIS00000000000003920240320080750 a0010-03240000391 aPujilah dengan Masya Allah /cAlby Syafie0 aAlby Syafie acetakan ke-1 a24 hlm :bilus ;c19 cm aSolo :bTiga Ananda,c2018 a297.211 a297.211 ALB p a978-602-366-475-7 4aReligi Islam aSaat melihat pemandangan yang indah, Faisal mengucap masya Allah. Syifa juga mengucap masya Allah saat melihat air terjun yang indah. Mengapa Faisal dan Syifa suka mengucapkan masya Allah? Cari tahu, yuk!